Marki Aut z Państw - Statystyki

Ogólne statystyki
  • Ten quiz został rozwiązany 232 razy
    183 od ostatniego zresetowania
  • Średni wynik to 22 z 40
Statystyki odpowiedzi
Kraj Samochód % Poprawnych
Niemcy Audi
91%
Niemcy BMW
91%
Niemcy Mercedes
83%
Włochy Fiat
78%
Stany Zjednoczone Ford
77%
Włochy Lamborghini
77%
Japonia Toyota
77%
Włochy Ferrari
74%
Niemcy Opel
72%
Czechy Skoda
72%
Szwecja Volvo
71%
Japonia Honda
70%
Stany Zjednoczone Dodge
66%
Niemcy Porsche
66%
Francja Peugeot
62%
Hiszpania Seat
62%
Korea Południowa Hyundai
61%
Francja Renault
58%
Francja Citroen
56%
Korea Południowa Kia
54%
Rumunia Dacia
51%
Francja Bugatti
50%
Rosja Łada
49%
Włochy Alfa Romeo
48%
Wielka Brytania Bentley
44%
Szwecja Saab
44%
Japonia Suzuki
44%
Wielka Brytania Jaguar
39%
Stany Zjednoczone Jeep
39%
Japonia Subaru
39%
Japonia Lexus
37%
Wielka Brytania Rolls-Royce
37%
Wielka Brytania Aston Martin
35%
Wielka Brytania Mini
34%
Stany Zjednoczone Tesla
32%
Włochy Maserati
30%
Wielka Brytania McLaren
30%
Włochy Pagani
28%
Włochy Lancia
21%
Wielka Brytania Range Rover
20%
Nie znaleziono quizów pasujących do podanych kryteriów
Rozkład punktacji
Procent ludzi z każdym wynikiem
Percentyl według liczby udzielonych odpowiedzi
Twoja historia wyników
Nie rozwiązałeś tego quizu od ostatniego zresetowania